| 000 | 02546ncm0a2200421 4500 | ||
|---|---|---|---|
| 001 | RU\NLR\ONIZ\224944 | ||
| 005 | 20250626152822.0 | ||
| 013 | _a979-0-66004-806-1 | ||
| 035 | _aRU\NLR\ONIZ\natafirs\5000002991\20190205102419 | ||
| 035 | _a(NLR Aleph) 011931071 | ||
| 071 | 2 | 0 | _aс 3207 к |
| 090 |
_a11039085 _c11039085 |
||
| 100 | _a20190205d2002 |||y0rusy50 ca | ||
| 101 | 0 | _arus | |
| 102 | _aRU | ||
| 125 | _aay | ||
| 128 | _act | ||
| 145 | 0 | _ac | |
| 200 | 1 |
_aМир глазами детей _bНоты _eкантата для детского хора и камерного оркестра _fЖ. Л. Металлиди _gперелож. для [хора] и фп. авт. |
|
| 210 |
_aСанкт-Петербург _cКомпозитор - Санкт-Петербург _d2002 |
||
| 215 |
_a27 с. _cил. _d29 см |
||
| 300 | _aСтихи Н. Успенской, Т. Правдиной, И. Антоновой, И. Максимовой, Н. Трубиной, В. Белова, К. Ивановой, И. Жуковой, Е. Юдина, М. Подхваталиной | ||
| 313 | _aСистематизация документа проведена по изданию - Методика классифицирования музыкальных произведений (нотных изданий) по таблицам Библиотечно-библиографических классификаций : метод. рекомендации / Гос. б-ка СССР им. В.И. Ленина.- М., 1977. Индексу ББК методических рекомендаций присваивается код ББК для научных библиотек - LBC/SL | ||
| 327 | 1 | _a1. Утро ; 2. Что мы думаем о мире ; 3. Уходит детство ; 4. Сколько дней! | |
| 606 | 1 |
_aМузыка для детского хора _yРоссия _z20-21 вв. _2nlr_sh |
|
| 606 | 1 |
_aКантаты для детского хора _2nlr_sh |
|
| 686 |
_aЩ963.8(2Р=Рус)Фп _vLBC/SL _2rubbk |
||
| 686 |
_aЩ986(2Р=Рус)Фп _vLBC/SL _2rubbk |
||
| 700 | 1 |
_9z01790 _aМеталлиди _bЖ. Л. _f1934 - _gЖаннэта (Жанна) Лазаревна _4230 _4030 _7ca |
|
| 790 | 1 |
_9z01700 _aMetallidi _bŽ. (. L. _f1934 - _gŽanneta (Žanna) Lazarevna _4230 _4030 _7ba |
|
| 801 | 0 |
_aRU _bNLR _c20190205 _gPSBO |
|
| 801 | 1 |
_aRU _bNLR _c20190205 _2rusmarc |
|
| 801 | 2 |
_aRU _bNLR _c20190318 |
|
| 852 |
_aNLR _bМ _jК-3/29778 _p268026 _t1 |
||
| 942 | _cSCORE | ||
| 980 | _aNB | ||
| 980 | _aONIZ | ||